La política cultural a nivel municipal.

-д хадгалсан:
Номзүйн дэлгэрэнгүй
Үндсэн зохиолч: Ander-Egg, Ezequiel (autor)
Формат: Ном
Хэвлэсэн: Buenos Aires, Argentina: Lumen-Hvmanitas, 2005.
Хэвлэл:1a. ed.
Цуврал:Colección Política, servicios y trabajo social.
Нөхцлүүд:
Шошгууд: Шошго нэмэх
Шошго байхгүй, Энэхүү баримтыг шошголох эхний хүн болох!

MARC

LEADER 00000nam a22000007a 4500
003 CL-VaPUC
005 20250407202434.0
008 250113t2005 ||||| |||| 00| 0 eng d
999 |c 446450  |d 446448 
020 |a 987-00-0482-2 
040 |c Pontificia Universidad Católica de Valparaíso 
082 |a 320.6 AND 2005 
100 |a Ander-Egg, Ezequiel  |e autor  |9 563263 
245 |a La política cultural a nivel municipal. 
250 |a 1a. ed. 
260 |a Buenos Aires, Argentina:  |b Lumen-Hvmanitas,  |c 2005. 
300 |a 125 páginas. 
490 |a Colección Política, servicios y trabajo social. 
500 |a c.1-c.3. Instituto Arcos. 08-01-2025. 
583 |c 20250113  |k Gabriela Rodríguez Cuevas 
650 0 |9 316492  |a Política cultural  |x Municipalidades 
650 0 |9 309677  |a Políticas públicas  |x Cultura 
942 |2 ddc  |c BK  |n 0 
952 |0 0  |1 0  |2 ddc  |4 0  |6 320_600000000000000_AND_2005  |7 0  |8 A  |9 599160  |a BIBINC  |b BIBINC  |d 2025-01-13  |e Instituto Arcos  |i 5664090  |o 320.6 AND 2005  |p 5664090  |r 2025-01-13  |t 1  |w 2025-01-13  |y BK  |k IFP 
952 |0 0  |1 0  |2 ddc  |4 0  |6 320_600000000000000_AND_2005  |7 0  |8 A  |9 600882  |a BIBINC  |b BIBINC  |d 2025-03-10  |e Instituto Arcos  |i 5665723  |o 320.6 AND 2005  |p 5665723  |r 2025-03-10  |t 2  |w 2025-03-10  |y BK  |k IFP 
952 |0 0  |1 0  |2 ddc  |4 0  |6 320_600000000000000_AND_2005  |7 0  |8 A  |9 600883  |a BIBINC  |b BIBINC  |d 2025-03-10  |e Instituto Arcos  |i 5665724  |o 320.6 AND 2005  |p 5665724  |r 2025-03-10  |t 3  |w 2025-03-10  |y BK  |k IFP